Distant voices

Αποθηκεύτηκε σε:
Λεπτομέρειες βιβλιογραφικής εγγραφής
Κύριος συγγραφέας: Pilger, John
Μορφή: Βιβλίο
Γλώσσα:English
Δημοσίευση: London : Vintage, c1994.
Θέματα:
Ετικέτες: Προσθήκη ετικέτας
Δεν υπάρχουν, Καταχωρήστε ετικέτα πρώτοι!

MARC

LEADER 00000nam a2200000 a 4500
001 1/127280
008 230915s1994####enk| ||| |||| ||eng||
020 |a 9780099387213 
040 |a GR-MyUa  |b gre  |c GR-MyUa  |e AACR2 
041 0 |a eng 
082 7 |a 070.92   |2 (23) 
100 1 |a Pilger, John. 
245 1 0 |a Distant voices /   |c John Pilger.  
260 |a London :   |b Vintage,   |c c1994.  
300 |a 625 σ. ;   |c 20 εκ.  
504 |a Βιβλιογραφία : σ. 549-586. Ευρετήριο.  
650 0 |a Journalists   |z Australia  |v Biography. 
852 |a INST  |b LESVOS  |e 20230915  |h 070.92 PIL  |p 005100065022  |q 005100065022  |t BK  |y 0 
970 |a Καμάτσου  |b Δέσποινα  |z 15-09-2023